[Event "XXVIII Open Internacional Ciud"]
[Site "Salon Miramar (Hotel Costa Va"]
[Date "2005.03.21"]
[Round "4.2"]
[White "Flear, Glenn C"]
[Black "Peralta, Fernando"]
[Result "1/2-1/2"]
[WhiteElo "2462"]
[BlackElo "2538"]
[PlyCount "66"]
[EventDate "2005.03.19"]

1. d4 d5 2. c4 c6 3. Nc3 dxc4 4. e4 b5 5. a4 b4 6. Na2 Nf6 7. e5 Nd5 8. Bxc4 e6
9. Nf3 Be7 10. Bd2 Ba6 11. Bxa6 Nxa6 12. Qe2 Qb6 13. O-O O-O 14. Nc1 c5 15. Nb3
Rfc8 16. Rfc1 cxd4 17. a5 Qb7 18. Nfxd4 Nc5 19. Nxc5 Bxc5 20. Nb3 Be7 21. g3
Rxc1+ 22. Rxc1 Rc8 23. Rxc8+ Qxc8 24. Be3 a6 25. Bd4 Qc6 26. h3 g6 27. Nc5 Qc7
28. Nxa6 Qxa5 29. Qc4 Qa1+ 30. Kh2 Qd1 31. Nc5 Kg7 32. Qd3 Qe1 33. Ne4 h5
1/2-1/2

[Event "XXVIII Open Internacional Ciud"]
[Site "Salon Miramar (Hotel Costa Va"]
[Date "2005.03.21"]
[Round "4.4"]
[White "Cifuentes Parada, Roberto"]
[Black "Gonzalez De La Torre, Sant"]
[Result "1-0"]
[WhiteElo "2521"]
[BlackElo "2384"]
[PlyCount "61"]
[EventDate "2005.03.19"]

1. d4 d5 2. Nf3 Nf6 3. c4 c6 4. e3 Bg4 5. h3 Bh5 6. Nbd2 e6 7. Bd3 Nbd7 8. Qc2
Bg6 9. Bxg6 hxg6 10. b3 Bd6 11. Bb2 Qe7 12. a3 a5 13. O-O O-O 14. e4 Nxe4 15.
Nxe4 dxe4 16. Qxe4 Rfe8 17. Rfe1 Qd8 18. a4 Be7 19. Rad1 Qb6 20. Qc2 Rad8 21.
Re3 Bf6 22. Rde1 Qc7 23. Qe2 Nb8 24. Re4 Rd7 25. g4 Rdd8 26. Kg2 Nd7 27. g5 Be7
28. Bc1 b6 29. Rxe6 fxe6 30. Qxe6+ Kh8 31. Re4 1-0

[Event "XXVIII Open Internacional Ciud"]
[Site "Salon Miramar (Hotel Costa Va"]
[Date "2005.03.21"]
[Round "4.6"]
[White "Neelotpal, Das"]
[Black "Serras Uria, Antonio"]
[Result "1-0"]
[WhiteElo "2468"]
[BlackElo "2220"]
[PlyCount "71"]
[EventDate "2005.03.19"]

1. e4 c5 2. Nc3 Nc6 3. Bb5 Nd4 4. Bc4 d6 5. d3 a6 6. Nf3 Nf6 7. Nxd4 cxd4 8.
Ne2 e5 9. O-O b5 10. Bb3 Be7 11. f4 O-O 12. Ng3 exf4 13. Bxf4 Bg4 14. Qd2 Qb6
15. Bg5 Qd8 16. Qf2 h6 17. Bd2 Rc8 18. a4 Be6 19. axb5 axb5 20. Nf5 Bxf5 21.
Qxf5 Rc5 22. Qf2 Ng4 23. Qxd4 Bf6 24. Rxf6 Qxf6 25. Qxf6 Nxf6 26. Bb4 Rc6 27.
e5 dxe5 28. Bxf8 Kxf8 29. Ra7 g5 30. Rxf7+ Ke8 31. Rb7 Ra6 32. Rxb5 Ng4 33. g3
Ra1+ 34. Kg2 Rd1 35. Kf3 h5 36. h3 1-0

[Event "XXVIII Open Internacional Ciud"]
[Site "Salon Miramar (Hotel Costa Va"]
[Date "2005.03.21"]
[Round "4.8"]
[White "Marholev, Dimitar"]
[Black "Vehi Bach, Victor M"]
[Result "1/2-1/2"]
[WhiteElo "2381"]
[BlackElo "2423"]
[PlyCount "70"]
[EventDate "2005.03.19"]

1. e4 c5 2. Nc3 a6 3. g3 b5 4. Bg2 Bb7 5. f4 e6 6. d3 d5 7. exd5 Nf6 8. Nf3
Nxd5 9. Nxd5 Bxd5 10. c4 Bc6 11. O-O Be7 12. Qe2 O-O 13. Be3 Nd7 14. Rad1 Qc7
15. b3 Rfe8 16. Qf2 Rac8 17. g4 Bd6 18. Nd2 f5 19. Bxc6 Qxc6 20. g5 g6 21. Nb1
e5 22. Nc3 exf4 23. Bxf4 Bxf4 24. Qxf4 Nb6 25. Rfe1 Qd7 26. Ne2 Rc6 27. Qf2
Rce6 28. Nf4 R6e7 29. Kf1 Qd6 30. Rxe7 Rxe7 31. Re1 Rxe1+ 32. Kxe1 Qe5+ 33. Qe2
Qxf4 34. Qe8+ Kg7 35. Qe7+ Kg8 1/2-1/2

[Event "XXVIII Open Internacional Ciud"]
[Site "Salon Miramar (Hotel Costa Va"]
[Date "2005.03.21"]
[Round "4.9"]
[White "Dobrev, Nanko"]
[Black "Van Hoolandt, Patrick"]
[Result "1-0"]
[WhiteElo "2399"]
[BlackElo "2238"]
[PlyCount "63"]
[EventDate "2005.03.19"]

1. d4 Nf6 2. Nf3 e6 3. c4 Bb4+ 4. Nbd2 b6 5. a3 Bxd2+ 6. Bxd2 Bb7 7. Bg5 d6 8.
e3 Nbd7 9. Be2 h6 10. Bh4 g5 11. Bg3 h5 12. h3 Rg8 13. Qc2 Qe7 14. O-O-O O-O-O
15. Bd3 h4 16. Bh2 Kb8 17. Rhe1 Rde8 18. e4 e5 19. c5 bxc5 20. dxe5 Nxe5 21.
Nxe5 dxe5 22. f3 Nd7 23. Bb5 c6 24. Bf1 Nf8 25. Rd2 Bc8 26. Red1 Rg6 27. Bc4
Ka8 28. Qc3 Rh6 29. Bxe5 Qxe5 30. Qxe5 Rxe5 31. Rd8 Ne6 32. Ba6 1-0

[Event "XXVIII Open Internacional Ciud"]
[Site "Salon Miramar (Hotel Costa Va"]
[Date "2005.03.21"]
[Round "4.10"]
[White "Galzagorri Uli, Yeray"]
[Black "Guerra Bastida, Diego"]
[Result "0-1"]
[WhiteElo "2199"]
[BlackElo "2390"]
[PlyCount "84"]
[EventDate "2005.03.19"]

1. e4 c5 2. Nc3 Nc6 3. Nge2 g6 4. d4 cxd4 5. Nxd4 Bg7 6. Be3 Nf6 7. Bc4 O-O 8.
Bb3 d6 9. f3 Bd7 10. Qd2 Nxd4 11. Bxd4 b5 12. a4 bxa4 13. Bxa4 Be6 14. Nd5 Bxd5
15. exd5 e5 16. Be3 e4 17. O-O exf3 18. gxf3 Nh5 19. Bc6 Rb8 20. c3 a5 21. Ra4
Qe7 22. b4 axb4 23. cxb4 Qh4 24. Bg5 Qc4 25. Rd1 Bc3 26. Qd3 Qxd3 27. Rxd3 Bxb4
28. Be3 Be1 29. Bh6 Rb1 30. Bxf8 Kxf8 31. Ra8+ Kg7 32. Ba4 Bd2+ 33. Kf2 Rb2 34.
Rb3 Ra2 35. Bc6 Rc2 36. Rb7 Bg5+ 37. Ke1 Nf4 38. Kd1 Rxh2 39. Raa7 Nd3 40.
Rxf7+ Kg8 41. Rg7+ Kh8 42. Rgb7 Rd2# 0-1

[Event "XXVIII Open Internacional Ciud"]
[Site "Salon Miramar (Hotel Costa Va"]
[Date "2005.03.21"]
[Round "4.11"]
[White "Andres Gonzalez, Alberto"]
[Black "Torres, Patrice"]
[Result "1-0"]
[WhiteElo "2430"]
[BlackElo "2068"]
[PlyCount "83"]
[EventDate "2005.03.19"]

1. Nf3 d5 2. c4 c6 3. g3 Nf6 4. Bg2 e6 5. O-O Be7 6. d4 Nbd7 7. Qc2 O-O 8. Nbd2
Qc7 9. b3 b6 10. e4 dxe4 11. Nxe4 Nxe4 12. Qxe4 Nf6 13. Qe2 Bb7 14. Bf4 Bd6 15.
Bg5 Be7 16. Rad1 c5 17. Bf4 Bd6 18. Be5 Ng4 19. h3 Nxe5 20. dxe5 Be7 21. Nd2
Rad8 22. Bxb7 Qxb7 23. Ne4 Qc7 24. Nc3 a6 25. Qe4 Rxd1 26. Rxd1 Rd8 27. Rxd8+
Bxd8 28. Qa8 a5 29. Nb5 Qd7 30. Nd6 Kf8 31. h4 h5 32. Kg2 g6 33. Nb7 Ke7 34.
Qxd8+ Qxd8 35. Nxd8 Kxd8 36. Kf3 Ke7 37. Kf4 f6 38. f3 Kf7 39. Ke4 g5 40. exf6
gxh4 41. gxh4 Kxf6 42. f4 1-0

[Event "XXVIII Open Internacional Ciud"]
[Site "Salon Miramar (Hotel Costa Va"]
[Date "2005.03.21"]
[Round "4.12"]
[White "Jakobsen, Ole"]
[Black "Perez Cameselle, Francisco"]
[Result "1-0"]
[WhiteElo "2387"]
[BlackElo "2056"]
[PlyCount "107"]
[EventDate "2005.03.19"]

1. d4 d5 2. Nf3 Nf6 3. c4 c6 4. Nc3 g6 5. cxd5 cxd5 6. Qb3 Nc6 7. Bg5 Bg7 8. e3
e6 9. Bb5 O-O 10. O-O Bd7 11. Ne5 h6 12. Bxf6 Bxf6 13. Nxd7 Qxd7 14. Na4 Rfc8
15. Rac1 Qe7 16. Bxc6 bxc6 17. Rc2 Rab8 18. Qd3 e5 19. dxe5 Bxe5 20. b3 Bd6 21.
Rcc1 Ba3 22. Rfd1 Qb7 23. h3 Rd8 24. Nc5 Bxc5 25. Rxc5 Rbc8 26. Qc3 Re8 27. Rc1
Re6 28. Rxd5 cxd5 29. Qxc8+ Qxc8 30. Rxc8+ Kg7 31. Rd8 Ra6 32. a4 Rb6 33. Rxd5
Rxb3 34. Rd7 Ra3 35. Rxa7 Kf6 36. g4 h5 37. Kg2 hxg4 38. hxg4 g5 39. Kf3 Ra2
40. Ra5 Kg6 41. Ra6+ f6 42. Ra7 Kh6 43. a5 Kg6 44. a6 Kh6 45. e4 Ra3+ 46. Ke2
Kg6 47. Kd2 Rf3 48. Rb7 Rxf2+ 49. Kc3 Ra2 50. a7 Ra4 51. Kb3 Ra1 52. Kc4 Ra5
53. Kb4 Ra1 54. Kc5 1-0

[Event "XXVIII Open Internacional Ciud"]
[Site "Salon Miramar (Hotel Costa Va"]
[Date "2005.03.21"]
[Round "4.13"]
[White "Tung, Siu Hung"]
[Black "Pomes Marcet, Juan"]
[Result "0-1"]
[WhiteElo "2072"]
[BlackElo "2374"]
[PlyCount "86"]
[EventDate "2005.03.19"]

1. e4 e6 2. d4 d5 3. Nd2 c5 4. exd5 Qxd5 5. Ngf3 cxd4 6. Bc4 Qd6 7. O-O Nf6 8.
Nb3 Nc6 9. Nbxd4 Nxd4 10. Nxd4 a6 11. c3 Qc7 12. Qe2 Bd6 13. Nf3 O-O 14. Bg5
Bd7 15. Rad1 Bc6 16. Bb3 Bxf3 17. Qxf3 Bxh2+ 18. Kh1 Be5 19. Qh3 Rfd8 20. Rde1
Bf4 21. Bxf6 gxf6 22. g3 Qc6+ 23. Kg1 Bd2 24. Qg4+ Kh8 25. Re2 Qb5 26. Qf3 Bg5
27. Rfe1 Rg8 28. Bc2 f5 29. Bd3 Qb6 30. Kg2 Rad8 31. Bc4 Qc7 32. Bb3 Rg7 33. c4
Bf6 34. c5 Rdg8 35. Rh1 f4 36. g4 Qxc5 37. Bc2 Rxg4+ 38. Kf1 Qh5 39. Be4 R8g7
40. Rc2 Qb5+ 41. Bd3 Qd7 42. Qh3 Rg3 43. fxg3 Qxd3+ 0-1

[Event "XXVIII Open Internacional Ciud"]
[Site "Salon Miramar (Hotel Costa Va"]
[Date "2005.03.21"]
[Round "4.14"]
[White "Argandona Rivero, Inigo"]
[Black "Salcedo, Marc"]
[Result "1-0"]
[WhiteElo "2359"]
[BlackElo "2038"]
[PlyCount "46"]
[EventDate "2005.03.19"]

1. d4 Nf6 2. c4 g6 3. Nf3 d5 4. cxd5 Nxd5 5. e4 Nb6 6. Nc3 Bg7 7. Be3 Bg4 8.
Be2 O-O 9. Ne5 Bxe5 10. dxe5 Qxd1+ 11. Rxd1 Bxe2 12. Kxe2 Nc6 13. f4 f5 14.
exf6 exf6 15. b3 Rf7 16. Rd2 Re8 17. Kf3 h5 18. g3 g5 19. h4 g4+ 20. Kf2 Ne7
21. Rdd1 c6 22. Bc5 Ng6 23. a4 Na8 1-0

[Event "XXVIII Open Internacional Ciud"]
[Site "Salon Miramar (Hotel Costa Va"]
[Date "2005.03.21"]
[Round "4.15"]
[White "Hernandez, Elvis"]
[Black "Martinez Pelaez, David"]
[Result "1-0"]
[WhiteElo "2313"]
[BlackElo "2000"]
[PlyCount "97"]
[EventDate "2005.03.19"]

1. e4 e5 2. Nf3 Nc6 3. Bc4 Bc5 4. d3 Nf6 5. Nc3 d6 6. Na4 Bb6 7. Nxb6 axb6 8.
c3 Bg4 9. h3 Bd7 10. Bb3 Qe7 11. a3 h6 12. Qe2 g5 13. Nh2 Nd8 14. Ng4 Ne6 15.
Qf3 Ng8 16. Ne3 Qf6 17. Nf5 Nc5 18. Bc2 Bxf5 19. exf5 O-O-O 20. b4 Nd7 21. a4
Ne7 22. g4 Nc6 23. Ra3 Rhe8 24. Qd5 Qe7 25. a5 Nf6 26. Qa2 b5 27. a6 b6 28. a7
Kb7 29. Bb3 Rf8 30. Bxf7 Ra8 31. Bd5 e4 32. d4 Nxd5 33. Qxd5 Qf7 34. Qxb5 Rxa7
35. d5 Ne7 36. Rxa7+ Kxa7 37. c4 Kb7 38. Bb2 Ra8 39. O-O Ra2 40. Ra1 Rxa1+ 41.
Bxa1 h5 42. Qd7 Qf8 43. f6 Ng6 44. f7 hxg4 45. Qc6+ Kb8 46. Qe8+ Kb7 47. Qxf8
Nxf8 48. Bg7 Nd7 49. hxg4 1-0

[Event "XXVIII Open Internacional Ciud"]
[Site "Salon Miramar (Hotel Costa Va"]
[Date "2005.03.21"]
[Round "4.17"]
[White "Acosta Garcia, Alfonso Carlos"]
[Black "Torres Calvo, Mauricio"]
[Result "1-0"]
[WhiteElo "2256"]
[BlackElo "1955"]
[PlyCount "71"]
[EventDate "2005.03.19"]

1. d4 d5 2. c4 Nc6 3. cxd5 Qxd5 4. e3 e5 5. Nc3 Bb4 6. Bd2 Bxc3 7. bxc3 Nf6 8.
f3 O-O 9. e4 Nxe4 10. fxe4 Qxe4+ 11. Qe2 Qd5 12. Qf3 e4 13. Qg3 Re8 14. Bh6 g6
15. Qg5 Ne7 16. Qxd5 Nxd5 17. Bc4 Be6 18. Ne2 c6 19. a4 Nb4 20. Bxe6 Nd3+ 21.
Kd2 Rxe6 22. Nf4 Nxf4 23. Bxf4 Kg7 24. g4 h6 25. h4 g5 26. hxg5 hxg5 27. Be3
Rae8 28. Rh5 f6 29. Rah1 R6e7 30. c4 Kf7 31. d5 cxd5 32. cxd5 Re5 33. Rh7+ Kg8
34. Rd7 Rc8 35. Bd4 Re6 36. dxe6 1-0

[Event "XXVIII Open Internacional Ciud"]
[Site "Salon Miramar (Hotel Costa Va"]
[Date "2005.03.21"]
[Round "4.18"]
[White "Darrigues, Alain"]
[Black "Bareyre, Patrick"]
[Result "0-1"]
[WhiteElo "2030"]
[BlackElo "2147"]
[PlyCount "102"]
[EventDate "2005.03.19"]

1. d4 e6 2. c4 b6 3. Nc3 Bb4 4. e3 Bb7 5. Nge2 f5 6. a3 Be7 7. Nf4 Nf6 8. Be2
O-O 9. f3 Bd6 10. Nb5 Nc6 11. Nxd6 cxd6 12. O-O Ne7 13. Bd2 e5 14. Nh3 Re8 15.
Rc1 Ng6 16. Re1 d5 17. Qc2 e4 18. f4 Re6 19. Qb3 h6 20. cxd5 Bxd5 21. Bc4 Bxc4
22. Rxc4 Qe8 23. Rec1 Kh7 24. Rc7 Ne7 25. Qa4 a5 26. Qb5 Ned5 27. R7c2 Qh5 28.
Nf2 g5 29. fxg5 hxg5 30. Rc8 Rxc8 31. Rxc8 f4 32. Rf8 fxe3 33. Bxe3 Nxe3 34.
Rxf6 Rxf6 35. Qxd7+ Qf7 36. Qh3+ Rh6 37. Qxe3 Qf4 38. Qxe4+ Qxe4 39. Nxe4 Kg6
40. g4 Rh3 41. Nc3 Rd3 42. d5 Rd2 43. Na4 b5 44. Nb6 Rxb2 45. d6 Rd2 46. d7 Kf7
47. h4 gxh4 48. g5 Ke7 49. Kf1 h3 50. Kg1 Rg2+ 51. Kh1 Rxg5 0-1

[Event "XXVIII Open Internacional Ciud"]
[Site "Salon Miramar (Hotel Costa Va"]
[Date "2005.03.21"]
[Round "4.19"]
[White "Lopez De Castro, Joseph"]
[Black "Tung, Kai Ming"]
[Result "0-1"]
[WhiteElo "1934"]
[BlackElo "2125"]
[PlyCount "64"]
[EventDate "2005.03.19"]

1. e4 e6 2. d4 d5 3. e5 c5 4. c3 Nc6 5. Nf3 Qb6 6. Bd3 Bd7 7. O-O cxd4 8. cxd4
Nxd4 9. Ng5 Nc6 10. Qe2 Nb4 11. Bxh7 Be7 12. Bd3 Nxd3 13. Qxd3 Bb5 14. Qg3 Bxf1
15. Kxf1 Nh6 16. Nc3 Nf5 17. Qd3 Rxh2 18. Kg1 Rh4 19. Nxd5 Rd4 20. Nxb6 Rxd3
21. Nxa8 Rd1+ 22. Kh2 Bxg5 23. Bxg5 Rxa1 24. g4 Nd4 25. Be3 Nf3+ 26. Kg3 Nxe5
27. a3 f6 28. f4 Nc6 29. Nc7+ Kd7 30. Nb5 Rb1 31. Nxa7 Rxb2 32. Nxc6 Kxc6 0-1

[Event "XXVIII Open Internacional Ciud"]
[Site "Salon Miramar (Hotel Costa Va"]
[Date "2005.03.21"]
[Round "4.20"]
[White "Ladron De Guevara, Fco Javier"]
[Black "Zubimendi Her, Julian"]
[Result "1-0"]
[WhiteElo "2104"]
[BlackElo "1999"]
[PlyCount "59"]
[EventDate "2005.03.19"]

1. d4 Nf6 2. c4 d6 3. Nc3 Nbd7 4. e4 e5 5. Nf3 c6 6. Be2 Be7 7. O-O Qc7 8. h3
O-O 9. Be3 Re8 10. Qc2 Nf8 11. d5 c5 12. a3 Ng6 13. Rfb1 Rf8 14. b4 b6 15. Nd2
Nf4 16. b5 g5 17. Nf1 Ne8 18. Bg4 Ng7 19. Ng3 h5 20. Bxc8 Raxc8 21. Kh2 g4 22.
Nf5 Qd7 23. hxg4 hxg4 24. Qd1 g3+ 25. fxg3 Ng6 26. Qg4 Qd8 27. Rh1 Nxf5 28.
exf5 Qd7 29. Kh3 Kg7 30. f6+ 1-0

[Event "XXVIII Open Internacional Ciud"]
[Site "Salon Miramar (Hotel Costa Va"]
[Date "2005.03.22"]
[Round "5.2"]
[White "Peralta, Fernando"]
[Black "Alonso, Salvador"]
[Result "0-1"]
[WhiteElo "2538"]
[BlackElo "2459"]
[PlyCount "92"]
[EventDate "2005.03.19"]

1. Nf3 Nf6 2. c4 c5 3. Nc3 g6 4. e4 Nc6 5. d4 cxd4 6. Nxd4 Nxd4 7. Qxd4 d6 8.
Be3 Bg7 9. f3 O-O 10. Qd2 Bd7 11. Be2 a5 12. O-O Bc6 13. b3 Nd7 14. Rab1 Nc5
15. a3 Be5 16. Nd1 e6 17. Nf2 h5 18. Rfd1 a4 19. b4 Nb3 20. Qd3 Qf6 21. Nh3 d5
22. cxd5 exd5 23. exd5 Bd7 24. f4 Bd6 25. Bd4 Nxd4 26. Qxd4 Qxd4+ 27. Rxd4 Rfe8
28. Kf2 Rac8 29. Rbd1 Bc7 30. Kf1 Bb6 31. Rc4 Rxc4 32. Bxc4 Rc8 33. Be2 Rc3 34.
Rd3 Rc2 35. Ke1 Bf5 36. Rd1 Ra2 37. d6 Kf8 38. Nf2 Rxa3 39. Nd3 Ra2 40. Nc5 a3
41. Bd3 Bg4 42. Rc1 Rxg2 43. f5 Rg1+ 44. Kd2 Rxc1 45. Kxc1 Bxf5 46. Bxf5 Bxc5
0-1

[Event "XXVIII Open Internacional Ciud"]
[Site "Salon Miramar (Hotel Costa Va"]
[Date "2005.03.22"]
[Round "5.3"]
[White "Cifuentes Parada, Roberto"]
[Black "Flear, Glenn C"]
[Result "1/2-1/2"]
[WhiteElo "2521"]
[BlackElo "2462"]
[PlyCount "130"]
[EventDate "2005.03.19"]

1. d4 d5 2. c4 e6 3. Nf3 Nf6 4. Bg5 h6 5. Bxf6 Qxf6 6. Nc3 Qd8 7. e3 Be7 8. Qb3
dxc4 9. Bxc4 O-O 10. O-O Nc6 11. Be2 Nb4 12. Rfd1 Nd5 13. Ne4 a5 14. a3 Qe8 15.
Ne5 Bd7 16. Qc2 Bb5 17. Bf3 Bd6 18. Nc3 Nxc3 19. Qxc3 c6 20. Be4 Qe7 21. Rac1
Rfd8 22. f4 a4 23. Bb1 Rac8 24. Qc2 f5 25. Ba2 Kh7 26. e4 g6 27. Re1 Bxe5 28.
dxe5 Bd3 29. Qc5 Qxc5+ 30. Rxc5 Bxe4 31. Bxe6 Ra8 32. Re2 Rd1+ 33. Kf2 Rad8 34.
Rc3 Bd3 35. Re1 Rd2+ 36. Ke3 Be4 37. Re2 Rxe2+ 38. Kxe2 Bxg2 39. Bf7 Bd5 40. e6
Rd6 41. Rg3 Bxe6 42. Bxg6+ Kh8 43. Bh5 Bc4+ 44. Ke1 Rd4 45. Re3 Rxf4 46. Re8+
Kg7 47. Re7+ Kf6 48. Rxb7 Bb5 49. Bd1 Rf1+ 50. Kd2 Rf2+ 51. Kc3 Rxh2 52. b3
Rh3+ 53. Kb2 Rh4 54. Ra7 axb3 55. Bxb3 Bc4 56. a4 Bd5 57. Bxd5 cxd5 58. a5 f4
59. Ra8 Rh2+ 60. Kb3 Rh1 61. Kb2 Rh2+ 62. Kb3 Rh1 63. Kb2 Re1 64. a6 Ke7 65. a7
Re5 {Ilegible} 1/2-1/2

[Event "XXVIII Open Internacional Ciud"]
[Site "Salon Miramar (Hotel Costa Va"]
[Date "2005.03.22"]
[Round "5.4"]
[White "Paunovic, Dragan"]
[Black "Dobrev, Nanko"]
[Result "0-1"]
[WhiteElo "2518"]
[BlackElo "2399"]
[PlyCount "79"]
[EventDate "2005.03.19"]

1. c4 e6 2. Nf3 Nf6 3. g3 b6 4. Bg2 Bb7 5. O-O c5 6. Nc3 Be7 7. d4 cxd4 8. Qxd4
O-O 9. Rd1 Nc6 10. Qf4 Rc8 11. b3 a6 12. e4 Bb4 13. Bb2 Ne7 14. e5 Bxc3 15.
Bxc3 Nfd5 16. Qd2 Nxc3 17. Qxc3 b5 18. c5 Nd5 19. Qd4 a5 20. Nd2 f5 21. exf6
Qxf6 22. Ne4 Qxd4 23. Rxd4 Bc6 24. a3 b4 25. a4 Ba8 26. Rad1 Rc7 27. Bf1 Rf3
28. Bc4 h6 29. h4 Kf8 30. Nd2 Rf7 31. Ne4 Ke7 32. R1d3 Nf6 33. Nxf6 gxf6 34.
Rd6 f5 35. f3 Bc6 36. Kf2 Rg7 37. Rd2 Kf6 38. Re2 Re7 39. g4 Rc8 40. gxf5 {
Ilegible} 0-1

[Event "XXVIII Open Internacional Ciud"]
[Site "Salon Miramar (Hotel Costa Va"]
[Date "2005.03.22"]
[Round "5.5"]
[White "Guerra Bastida, Diego"]
[Black "Neelotpal, Das"]
[Result "0-1"]
[WhiteElo "2390"]
[BlackElo "2468"]
[PlyCount "112"]
[EventDate "2005.03.19"]

1. e4 c5 2. Nf3 e6 3. b3 d6 4. Bb2 Nf6 5. Bb5+ Nbd7 6. Qe2 Be7 7. O-O O-O 8. a4
a6 9. Bxd7 Nxd7 10. d4 b6 11. Nbd2 Bb7 12. c4 cxd4 13. Bxd4 e5 14. Bc3 Nc5 15.
a5 f5 16. exf5 Rxf5 17. Ne1 bxa5 18. Bxa5 Qe8 19. f3 Qg6 20. Nc2 Ne6 21. Ne3
Nf4 22. Qe1 Raf8 23. g3 Rh5 24. Ng2 Nh3+ 25. Kh1 Qh6 26. Ne3 Ng5 27. Qe2 Nxf3
28. Nxf3 Rxh2+ 29. Qxh2 Qxe3 30. Qd2 Rxf3 31. Qxe3 Rxe3+ 32. Kg1 Rxg3+ 33. Kf2
Rg2+ 34. Ke1 Bh4+ 35. Kd1 Bg5 36. Be1 Be3 37. Bb4 h5 38. Ke1 Rg6 39. Ke2 Bd4
40. Rac1 h4 41. c5 dxc5 42. Bxc5 h3 43. Bxd4 exd4 44. Rc7 Bg2 45. Rc8+ Kh7 46.
Rff8 Rg3 47. Rh8+ Kg6 48. Rcd8 d3+ 49. Kd2 Be4 50. Rd6+ Kg5 51. Rd7 g6 52. Ke1
Rg1+ 53. Kf2 Rg2+ 54. Ke3 Re2+ 55. Kd4 d2 56. Kc3 h2 0-1

[Event "XXVIII Open Internacional Ciud"]
[Site "Salon Miramar (Hotel Costa Va"]
[Date "2005.03.22"]
[Round "5.6"]
[White "Pastor Pons, Pedro"]
[Black "Gomez Esteban, Juan Mario"]
[Result "0-1"]
[WhiteElo "2210"]
[BlackElo "2474"]
[PlyCount "118"]
[EventDate "2005.03.19"]

1. e4 c5 2. Nf3 d6 3. d4 cxd4 4. Nxd4 Nf6 5. Nc3 a6 6. Be2 e6 7. O-O Be7 8. a4
Nc6 9. Be3 O-O 10. f4 Qc7 11. Nb3 b6 12. Bf3 Rb8 13. Qe2 Na5 14. Nd2 Bb7 15.
Na2 d5 16. e5 Ne4 17. Bxe4 dxe4 18. b4 Nc6 19. c3 Na7 20. Bd4 Nc6 21. Be3 Bd8
22. Bf2 Ne7 23. Nxe4 Qc6 24. Rfe1 Qxa4 25. c4 Ng6 26. g3 Be7 27. Nac3 Qc6 28.
b5 Qc8 29. h4 Bb4 30. Rec1 Ne7 31. Na4 axb5 32. cxb5 Qd8 33. Rd1 Nd5 34. Nxb6
Qe7 35. Nxd5 Bxd5 36. Rdb1 Rb7 37. Ra4 Bxe4 38. Qxe4 Bc5 39. Qc2 Bxf2+ 40. Qxf2
Rfb8 41. b6 h5 42. Rc4 g6 43. Rc6 Qa3 44. Rd6 Kg7 45. Kg2 Rc8 46. Rbd1 Rc3 47.
R1d2 Rb3 48. Ra2 Rxg3+ 49. Qxg3 Qxa2+ 50. Qf2 Qb1 51. Qd4 Rb8 52. Qd3 Qe1 53.
Qg3 Qe4+ 54. Qf3 Qb4 55. Qe3 Rc8 56. Rd3 Rc2+ 57. Kh3 Qb2 58. Qg3 Qb1 59. Qf3
Qg1 0-1

[Event "XXVIII Open Internacional Ciud"]
[Site "Salon Miramar (Hotel Costa Va"]
[Date "2005.03.22"]
[Round "5.7"]
[White "Pogorelov, Ruslan"]
[Black "Hernandez, Elvis"]
[Result "1-0"]
[WhiteElo "2472"]
[BlackElo "2313"]
[PlyCount "56"]
[EventDate "2005.03.19"]

1. Nf3 d5 2. d4 c6 3. c4 dxc4 4. e3 Be6 5. Nc3 b5 6. a4 b4 7. Ne4 Nf6 8. Ned2
c3 9. bxc3 bxc3 10. Nc4 g6 11. Ba3 Bg7 12. Be2 O-O 13. O-O Nbd7 14. Rc1 c5 15.
Rxc3 Ne4 16. Rc1 Bd5 17. Ncd2 cxd4 18. Nxe4 Bxe4 19. Nxd4 Rc8 20. Rxc8 Qxc8 21.
Bxe7 Re8 22. Bh4 Qb7 23. f3 Bd5 24. e4 Qb4 25. Nc2 Qxa4 26. Qxd5 Nb6 27. Qb5
Rc8 28. Qxa4 Nxa4 1-0

[Event "XXVIII Open Internacional Ciud"]
[Site "Salon Miramar (Hotel Costa Va"]
[Date "2005.03.22"]
[Round "5.8"]
[White "Moriuchi, Toshiyuki"]
[Black "Andres Gonzalez, Alberto"]
[Result "0-1"]
[WhiteElo "2301"]
[BlackElo "2430"]
[PlyCount "94"]
[EventDate "2005.03.19"]

1. e4 c5 2. Nf3 d6 3. d4 cxd4 4. Nxd4 Nf6 5. Nc3 a6 6. Be3 e5 7. Nb3 Be6 8. f3
Nbd7 9. g4 Be7 10. Qd2 O-O 11. O-O-O b5 12. g5 b4 13. gxf6 bxc3 14. Qxc3 Nxf6
15. Na5 Rc8 16. Nc6 Qe8 17. Nxe7+ Qxe7 18. Qa5 Rc6 19. Rg1 Rb8 20. Bg5 Qb7 21.
Bb5 Nxe4 22. fxe4 Qxb5 23. Qxb5 Rxb5 24. Bf6 g6 25. b3 a5 26. Rg3 a4 27. Kb2
Kf8 28. Ka3 axb3 29. axb3 Ke8 30. Kb2 Kd7 31. Ra1 Rb4 32. Ra7+ Rc7 33. Rxc7+
Kxc7 34. Re3 Rd4 35. Bg5 Kd7 36. Re1 Bh3 37. c3 Rd3 38. c4 Bg2 39. Re2 Bf3 40.
Rf2 Ke8 41. Rd2 Rxd2+ 42. Bxd2 Bxe4 43. Kc3 f5 44. Bg5 f4 45. c5 Kd7 46. Kc4
dxc5 47. Kxc5 Ke6 0-1

[Event "XXVIII Open Internacional Ciud"]
[Site "Salon Miramar (Hotel Costa Va"]
[Date "2005.03.22"]
[Round "5.9"]
[White "Vehi Bach, Victor M"]
[Black "Acosta Garcia, Alfonso Carlos"]
[Result "0-1"]
[WhiteElo "2423"]
[BlackElo "2256"]
[PlyCount "56"]
[EventDate "2005.03.19"]

1. e4 c5 2. Nf3 d6 3. d4 cxd4 4. Nxd4 Nf6 5. Nc3 a6 6. Be3 e5 7. Nb3 Be6 8. Be2
Be7 9. Nd5 Bxd5 10. exd5 O-O 11. g4 a5 12. g5 Nfd7 13. Qd2 a4 14. Nc1 Na6 15.
Rg1 f5 16. gxf6 Bxf6 17. Nd3 a3 18. c3 e4 19. Nf4 axb2 20. Qxb2 Qa5 21. Rc1
Nac5 22. Ne6 Rfc8 23. Nxg7 Kh8 24. Nh5 Be5 25. Kf1 Qxa2 26. Qxa2 Rxa2 27. Ng3
Rf8 28. Bf4 Nf6 {Ilegible} 0-1

[Event "XXVIII Open Internacional Ciud"]
[Site "Salon Miramar (Hotel Costa Va"]
[Date "2005.03.22"]
[Round "5.10"]
[White "Bareyre, Patrick"]
[Black "Jakobsen, Ole"]
[Result "0-1"]
[WhiteElo "2147"]
[BlackElo "2387"]
[PlyCount "50"]
[EventDate "2005.03.19"]

1. d4 Nf6 2. Nf3 e6 3. Bg5 d5 4. e3 c5 5. c3 h6 6. Bf4 Nc6 7. Nbd2 Bd6 8. Bg3
Bxg3 9. hxg3 Qd6 10. Bd3 O-O 11. Qe2 e5 12. dxc5 Qxc5 13. e4 Be6 14. Nb3 Qb6
15. Nfd2 a5 16. exd5 Bxd5 17. Nc4 Bxc4 18. Bxc4 a4 19. Nc1 e4 20. a3 Ne5 21.
Rb1 Rfe8 22. O-O e3 23. Ba2 Neg4 24. Qc4 exf2+ 25. Kh1 Re5 0-1

[Event "XXVIII Open Internacional Ciud"]
[Site "Salon Miramar (Hotel Costa Va"]
[Date "2005.03.22"]
[Round "5.11"]
[White "Tung, Kai Ming"]
[Black "Marholev, Dimitar"]
[Result "0-1"]
[WhiteElo "2125"]
[BlackElo "2381"]
[PlyCount "52"]
[EventDate "2005.03.19"]

1. e4 e5 2. Nf3 Nc6 3. Bc4 Be7 4. Nc3 Nf6 5. d3 d6 6. h3 Na5 7. Bb3 O-O 8. Be3
c6 9. O-O Qc7 10. Ne2 d5 11. exd5 Nxd5 12. Bg5 Bxg5 13. Nxg5 Nxb3 14. axb3 h6
15. Ne4 f5 16. N4c3 f4 17. Qd2 f3 18. Nxd5 cxd5 19. Ng3 fxg2 20. Rfe1 Bxh3 21.
c4 dxc4 22. dxc4 Rad8 23. Qe3 a6 24. Kh2 Bg4 25. Kxg2 Bf3+ 26. Kg1 Qc8 0-1